000
00269nam a22001217a 4500
008
181030b xxu||||| |||| 00| 0 eng d
041
_a
eng
080
_2
2nd
_a
611
100
_a
7
101
_a
ANA
245
_a
Functional Human Anatomy
_c
Crouch,J.E
942
_2
udc
_c
BK
999
_c
51096
_d
51096